000 00382nam a2200145Ia 4500
008 230312s9999||||xx |||||||||||||| ||und||
020 _a93-325-1872-8
082 _a621.382
_bMAN-L
100 _aMano;M.Morris
245 0 _aLogic and Computer Design Fundamentals
260 _bPearson
_aIndia
_c2014
300 _a700
650 _aEngineering
_vElectrical Engineering
942 _cBK
999 _c10684
_d10684